<?xml version="1.0" encoding="UTF-8"?>
<record
    xmlns:xsi="http://www.w3.org/2001/XMLSchema-instance"
    xsi:schemaLocation="http://www.loc.gov/MARC21/slim http://www.loc.gov/standards/marcxml/schema/MARC21slim.xsd"
    xmlns="http://www.loc.gov/MARC21/slim">

  <leader>02214nam a2200217Ia 4500</leader>
  <controlfield tag="008">120625s2004    mx            000 0 spa d</controlfield>
  <datafield tag="020" ind1=" " ind2=" ">
    <subfield code="a">968507481X</subfield>
  </datafield>
  <datafield tag="050" ind1=" " ind2="4">
    <subfield code="a">HV6250.3M6 </subfield>
    <subfield code="b">D47</subfield>
  </datafield>
  <datafield tag="245" ind1="1" ind2="0">
    <subfield code="a">Derechos humanos y v&#xED;ctimas del delito </subfield>
    <subfield code="b">: tomo II</subfield>
    <subfield code="c">/ coordinador, Mario &#xC1;lvarez Ledesma.</subfield>
  </datafield>
  <datafield tag="260" ind1="3" ind2=" ">
    <subfield code="a">M&#xE9;xico </subfield>
    <subfield code="b">: Instituto Nacional de Ciencias Penales</subfield>
    <subfield code="c">, 2004.</subfield>
  </datafield>
  <datafield tag="300" ind1=" " ind2=" ">
    <subfield code="a">401 p&#xE1;ginas.</subfield>
  </datafield>
  <datafield tag="336" ind1=" " ind2=" ">
    <subfield code="a">Texto</subfield>
  </datafield>
  <datafield tag="337" ind1=" " ind2=" ">
    <subfield code="a">Sin medio </subfield>
  </datafield>
  <datafield tag="338" ind1=" " ind2=" ">
    <subfield code="a">Volumen</subfield>
  </datafield>
  <datafield tag="505" ind1="1" ind2=" ">
    <subfield code="a">Las v&#xED;ctimas del delito: nuevo enfoque de sus derechos en la procuraci&#xF3;n de justicia (por: Mar&#xED;a de la Luz Lima Malvido
Los derechos de las v&#xED;ctimas en el procedimiento penal (por: Dante L&#xF3;pez Medrano)
La v&#xED;ctima, esa gran olvidada (por: Enrique M&#xFA;gica Herzog)
Los derechos de las v&#xED;ctimas del abuso de poder (por: Pilar Noriega Garc&#xED;a)
 La postura del ofendido o la v&#xED;ctima del delito y los recursos en materia penal (por: Emilio Pe&#xF1;a Rangel)
Derecho y rev&#xE9;s: un acercamiento al mundo victimal infantil (por: Pedro Jos&#xE9; Pe&#xF1;aloza y Enrique Ram&#xED;rez G&#xF3;mez)
Los derechos humanos y las v&#xED;ctimas del delito en el procedimiento penal (por: Ra&#xFA;l Plascencia Villanueva)
La v&#xED;ctima del delito en el &#xE1;mbito internacional (por: Alejandro Ramos Flores)
Hacia una protecci&#xF3;n integral de las v&#xED;ctimas del delito (por: Mirreille Roccatti)
La v&#xED;ctima del delito: hacia una justicia restitutiva (por: Gabriela Saavedra Garc&#xED;a)
La v&#xED;ctimas de la delincuencia organizada (Jos&#xE9; Luis Santiago Vasconcelos)
La protecci&#xF3;n integral de los Derechos Humanos, premisa del Estado democr&#xE1;tico de Derecho (por: Ricardo J. Sep&#xFA;lveda Igu&#xED;niz)
La v&#xED;ctima del delito y su defensa (por: Alejandro Tomasini Bassols)
Memor&#xE1;ndum sobre la posici&#xF3;n de la v&#xED;ctima en los procesos penales (por: L.JM. Tonino)
An&#xE1;lisis de la v&#xED;ctima (por: Carlos Javier Vega Memije)
Prevenci&#xF3;n de la violencia familiar: v&#xED;ctimas. An&#xE1;lisis de la ley  de violencia familiar y procuraci&#xF3;n de justicia (por:B&#xE1;rbara Yll&#xE1;n Rondero)


</subfield>
  </datafield>
  <datafield tag="519" ind1=" " ind2=" ">
    <subfield code="a">Material complementario /</subfield>
    <subfield code="d">(04 000719)</subfield>
  </datafield>
  <datafield tag="650" ind1="1" ind2="4">
    <subfield code="a">V&#xCD;CTIMAS DEL DELITO</subfield>
    <subfield code="z">M&#xC9;XICO</subfield>
    <subfield code="9">43588</subfield>
  </datafield>
  <datafield tag="650" ind1="2" ind2="4">
    <subfield code="a">DERECHOS HUMANOS</subfield>
    <subfield code="z">M&#xC9;XICO</subfield>
    <subfield code="9">1404</subfield>
  </datafield>
  <datafield tag="700" ind1="1" ind2=" ">
    <subfield code="a">&#xC1;lvarez Ledesma, Mario I.</subfield>
    <subfield code="e">autor</subfield>
    <subfield code="9">43589</subfield>
  </datafield>
  <datafield tag="942" ind1=" " ind2=" ">
    <subfield code="c">LB</subfield>
  </datafield>
  <datafield tag="952" ind1=" " ind2=" ">
    <subfield code="0">0</subfield>
    <subfield code="1">0</subfield>
    <subfield code="4">0</subfield>
    <subfield code="7">0</subfield>
    <subfield code="a">04</subfield>
    <subfield code="b">04</subfield>
    <subfield code="d">2007-06-12</subfield>
    <subfield code="l">34</subfield>
    <subfield code="m">3</subfield>
    <subfield code="o">HV6250.3M6 D47</subfield>
    <subfield code="p">04 000719</subfield>
    <subfield code="r">2024-06-04</subfield>
    <subfield code="s">2022-10-10</subfield>
    <subfield code="t">1</subfield>
    <subfield code="w">2012-06-24</subfield>
    <subfield code="y">LB</subfield>
  </datafield>
  <datafield tag="999" ind1=" " ind2=" ">
    <subfield code="c">61833</subfield>
    <subfield code="d">61833</subfield>
  </datafield>
</record>
